Người yêu dấu (Tiểu thuyết)
Đã lưu trong:
| 主要作者: | |
|---|---|
| 格式: | 圖書 |
| 語言: | Undetermined |
| 出版: |
Hà Nội
Văn học
2007
|
| 主題: | |
| 標簽: |
添加標簽
沒有標簽, 成為第一個標記此記錄!
|
| Thư viện lưu trữ: | Trung tâm Học liệu Trường Đại học Cần Thơ |
|---|
| LEADER | 00611nam a2200217Ia 4500 | ||
|---|---|---|---|
| 001 | CTU_120705 | ||
| 008 | 210402s9999 xx 000 0 und d | ||
| 020 | |c 52000 | ||
| 082 | |a 813 | ||
| 082 | |b M878 | ||
| 100 | |a Morrison, Toni | ||
| 245 | 0 | |a Người yêu dấu | |
| 245 | 0 | |b (Tiểu thuyết) | |
| 245 | 0 | |c Toni Morrison ; Nguyễn Hải Hà, Nguyễn Thanh Tâm (dịch) | |
| 260 | |a Hà Nội | ||
| 260 | |b Văn học | ||
| 260 | |c 2007 | ||
| 650 | |a American fiction | ||
| 650 | |x 20th century | ||
| 904 | |i Hiếu | ||
| 980 | |a Trung tâm Học liệu Trường Đại học Cần Thơ | ||